ਚੋਰਾਂ 'ਚ ਘਿਰਿਆ ਅਲੀ ਬਾਬਾ : (Record no. 110559)

MARC details
000 -LEADER
fixed length control field 01055nam a22002537a 4500
005 - DATE AND TIME OF LATEST TRANSACTION
control field 20170123164154.0
010 ## - LIBRARY OF CONGRESS CONTROL NUMBER
LC control number B-230526
020 ## - INTERNATIONAL STANDARD BOOK NUMBER
International Standard Book Number 8171164382
Terms of availability 125.00
035 ## - SYSTEM CONTROL NUMBER
System control number B-230526
037 ## - SOURCE OF ACQUISITION
Stock number Cen Lib / Ret
040 ## - CATALOGING SOURCE
Original cataloging agency DPL
Language of cataloging PN
082 ## - DEWEY DECIMAL CLASSIFICATION NUMBER
Classification number 857
Item number ਰਾਹੀਐੱ
100 ## - MAIN ENTRY--PERSONAL NAME
Personal name ਰਾਹੀ, ਐੱਮ. ਕੇ.
9 (RLIN) 43944
245 ## - TITLE STATEMENT
Title ਚੋਰਾਂ 'ਚ ਘਿਰਿਆ ਅਲੀ ਬਾਬਾ :
Statement of responsibility, etc ਐੱਮ. ਕੇ. ਰਾਹੀ
Remainder of title ਰਾਸ-ਵਿਅੰਗ /
246 ## - VARYING FORM OF TITLE
Title proper/short title Choran ch chiriya ali baba : Humour and satire /
Remainder of title by M. K. Rahi
260 ## - PUBLICATION, DISTRIBUTION, ETC. (IMPRINT)
Place of publication, distribution, etc ਦਿੱਲੀ
Name of publisher, distributor, etc ਨੈਸ਼ਨਲ ਬੁਕ ਸ਼ਾਪ
Date of publication, distribution, etc 2007
270 ## - ADDRESS
Address ਪਲਂਈਅਰ ਗਾਰਡਨ ਮਾਰਕਿਟ, ਚਾਂਦਨੀ ਚੌਂਕ
City ਦਿੱਲੀ
Postal code 110006
300 ## - PHYSICAL DESCRIPTION
Extent 128p.
Dimensions 23cm(Hb)
650 ## - SUBJECT ADDED ENTRY--TOPICAL TERM
Topical term or geographic name as entry element ਪੰਜਾਬੀ ਵਿਅੰਗ
9 (RLIN) 141282
650 ## - SUBJECT ADDED ENTRY--TOPICAL TERM
Topical term or geographic name as entry element ਪੰਜਾਬੀ ਸਾਹਿਤ
9 (RLIN) 141283
650 ## - SUBJECT ADDED ENTRY--TOPICAL TERM
Topical term or geographic name as entry element Punjabi Irony
9 (RLIN) 7379
650 ## - SUBJECT ADDED ENTRY--TOPICAL TERM
Topical term or geographic name as entry element Punjabi Literature
9 (RLIN) 141284
942 ## - ADDED ENTRY ELEMENTS (KOHA)
Source of classification or shelving scheme Dewey Decimal Classification
Koha item type Punjabi Bks
Classification part 857
Call number suffix ਰਾਹੀਐੱ
Holdings
Withdrawn status Lost status Damaged status Not for loan Home library Current library Date acquired Source of acquisition Cost, normal purchase price Total Checkouts Full call number Barcode Date last seen Copy number Cost, replacement price Price effective from Koha item type
        Central Library Central Library 04/02/2016 Cen Lib/Ret 125.00   857 ਰਾਹੀਐ B-230526 04/02/2016 1 125.00 04/02/2016 Punjabi Bks

© Delhi Public Library
Hit Counter
free hit counter